| 000 | 01170nam0a2200325 4500 | ||
|---|---|---|---|
| 001 | RU\NLR\bibl\19274 | ||
| 005 | 20260406060658.0 | ||
| 010 |
_a985-433-344-2 _920000 |
||
| 021 |
_aRU _b99-46с _93с |
||
| 035 | _a(NLR Aleph) 000018804 | ||
| 090 |
_a83482 _c83482 |
||
| 100 | _a19990331d1998 |||y0rusy50 ca | ||
| 101 | 0 | _arus | |
| 102 | _aRU | ||
| 105 | _ay ||||||||| | ||
| 200 | 1 |
_aМалая война _eОрг. и тактика боевых действий малых подразделений _eХрестоматия _fСост. и ред. А.Е. Тарас |
|
| 210 |
_aМинск _cХарвест _d1998 |
||
| 215 |
_a510 с. _d21 |
||
| 225 | 1 | _aСерия "Коммандос" | |
| 606 | 0 |
_aМалая война _91308424 _3RU\NLR\auth\66225752 |
|
| 606 | 0 |
_aТактика военная _91046073 _3RU\NLR\auth\6685555 |
|
| 686 | _aЦ1,5(0)2 | ||
| 686 | _aЦ2,5(0)5 | ||
| 702 | 1 |
_4340 _8rus _7ca _aТарас _bА. Е. _f1944- _gАнатолий Ефимович _3RU\NLR\auth\7710859 _9120623 |
|
| 801 | 0 |
_aRU _bNLR _c19990331 _gPSBO |
|
| 801 | 1 |
_aRU _bNLR _c19990331 |
|
| 852 |
_aNLR _j99-3/626 |
||
| 942 | _cBOOK | ||
| 980 | _aNB | ||